000 00801nam a22003010a 4500
001 PT45148
003 AR-LpoUNG
005 20210201010354.0
008 201001s2011||||ag |||||||||||||||||spa d
020 _a9789871326525
_c$18
040 _aAR-LpoUNG
_bspa
_eaacr
041 _aspa
044 _aag
082 0 _aA863 161pue
100 1 _aTangelson, Guillermo
245 1 3 _aEl puente secreto :
_bcuentos escritos por jóvenes acerca de los adultos mayores
250 _a1ª ed.
260 _aBuenos Aires :
_bUNLa,
_c2010.
300 _a184 p. :
_bil.
_3Impreso
490 0 _aAdulto mayor
650 4 _aANTOLOGIAS
650 4 _aCUENTOS
650 4 _aLITERATURA
650 4 _aLITERATURA NACIONAL
651 4 _aDOCUMENTOS TEORICOS O METODOLOGICOS
905 _a45148
942 _cLIB
999 _c51052
_d51052